000 00810nac a22002173ua4500
001 DHIM2023022715310033
003 RU-10907106
005 20230227164656.0
008 230227b |||||||| |||| 00| 0 rus d
040 _aRU-10907106
_bger
_cRU-10907106
245 _aVoprosy vseobščej istorii
264 _aEkaterinburg
_b[Verlag nicht ermittelbar]
_c2000-
336 _2rdacontent
_aText
_btxt
337 _2rdamedia
_aOhne Hilfsmittel zu benutzen
_bn
338 _2rdacarrier
_aBand
_bnc
700 _4edt
_aZemcov, Vladimir Nikolaevič
_eHerausgeberIn
_921046
700 _4edt
_aKuz'min. Vadim Aleksandrovič
_eHerausgeberIn
_921047
700 _aSutyrin, B. V.
_921048
_4edt
_eHerausgeberIn
710 _4isb
_aUral'skij gosudarstvennyj pedagogičeskij universitet
_eHerausgebendes Organ
_921045
942 _2z
_cMG
999 _c61814
_d61814